| 000 | 00350nam a2200133Ia 4500 | ||
|---|---|---|---|
| 008 | 240624s9999 xx 000 0 und d | ||
| 041 | _aeng | ||
| 082 | _a658.422 STI | ||
| 100 | _aSTIGTER MARC | ||
| 245 | _aBOARDS THAT DARE HOW TO FUTURE PROOF TOD | ||
| 260 |
_c2018 _aLondon _bBLOOMSBURY PUBLISHING |
||
| 300 | _ax, 190 p.; 23 cm. | ||
| 365 |
_c _b33 |
||
| 999 |
_c32131 _d32131 |
||